| 000 | 00394nam a2200133Ia 4500 | ||
|---|---|---|---|
| 005 | 20260326100035.0 | ||
| 008 | 260326s9999||||xx |||||||||||||| ||und|| | ||
| 100 | _aArgan, Giulio Carlo | ||
| 245 | 0 |
_aEl concepto del Espacio arquitectónico : _b Desde el Barroco a nuestros días / _cGiulio Carlo Argan |
|
| 260 | _bEdiciones Nueva Visión | ||
| 300 | _a191 p. | ||
| 650 | _aHISTORIA | ||
| 942 | _cBK | ||
| 999 |
_c6766 _d6766 |
||